000 00436nam a22001577a 4500
003 NUST - PNEC
005 20170116181143.0
008 151008b xxu||||| |||| 00| 0 eng d
040 _cLIBRARY
082 _a658.9138455 ROE
100 _914836
_aRoe, Yale
245 _aTelevision station management;
_bthe business of broadcasting
_cYale Roe
260 _cc1964
650 _911078
_aTelevision broadcasting
_xEL
942 _2ddc
_cBK
999 _c70593
_d70593